| 000 | 00418nam a2200157 a 4500 | ||
|---|---|---|---|
| 001 | 20864 | ||
| 005 | 20180713214523.0 | ||
| 008 | 140415s1969 xxu 000 0 eng d | ||
| 041 | _aeng | ||
| 082 |
_a769.598 _bDIS |
||
| 245 | 0 | 0 | _aDESIGN IN AMERICA |
| 250 | _a1a ed. | ||
| 260 |
_aESTADOS UNIDOS DE AMERICA : _bMCGRAW HILL INC.,, _c1969 |
||
| 300 | _a185 | ||
| 650 | 1 | 4 |
_aDISEO GRAFICO _xAMERICA LATINA |
| 999 |
_c20864 _d20864 |
||